<?xml version="1.0" encoding="UTF-8"?>
<record
    xmlns:xsi="http://www.w3.org/2001/XMLSchema-instance"
    xsi:schemaLocation="http://www.loc.gov/MARC21/slim http://www.loc.gov/standards/marcxml/schema/MARC21slim.xsd"
    xmlns="http://www.loc.gov/MARC21/slim">

  <leader>00794nam a22001937a 4500</leader>
  <datafield tag="999" ind1=" " ind2=" ">
    <subfield code="c">195711</subfield>
    <subfield code="d">195711</subfield>
  </datafield>
  <controlfield tag="005">20230418162609.0</controlfield>
  <datafield tag="010" ind1=" " ind2=" ">
    <subfield code="a">UR-11942</subfield>
  </datafield>
  <datafield tag="020" ind1=" " ind2=" ">
    <subfield code="a">9781327556630</subfield>
    <subfield code="c">350.00</subfield>
  </datafield>
  <datafield tag="035" ind1=" " ind2=" ">
    <subfield code="a">U-10497</subfield>
  </datafield>
  <datafield tag="037" ind1=" " ind2=" ">
    <subfield code="b">DBAD/PUB</subfield>
  </datafield>
  <datafield tag="082" ind1=" " ind2=" ">
    <subfield code="a">921</subfield>
  </datafield>
  <datafield tag="100" ind1=" " ind2=" ">
    <subfield code="a">&#x627;&#x633;&#x644;&#x645; &#x645;&#x631;&#x632;&#x627;</subfield>
  </datafield>
  <datafield tag="245" ind1=" " ind2=" ">
    <subfield code="a">&#x645;&#x631;&#x627;&#x679;&#x6BE;&#x6CC; &#x6A9;&#x6D2; &#x62A;&#x6CC;&#x646; &#x646;&#x627;&#x645;&#x648;&#x631; &#x634;&#x639;&#x631;&#x627;&#x621; :  </subfield>
    <subfield code="b">&#x6A9;&#x648;&#x633;&#x645; &#x6AF;&#x631;&#x62C; &#x60C; &#x648;&#x646;&#x62F;&#x627; &#x6A9;&#x631;&#x646;&#x62F; &#x6CC;&#x6AF;&#x631; &#x60C; &#x645;&#x6A9;&#x622;&#x6CC;&#x634; &#x67E;&#x627;&#x688; &#x6AF;&#x627;&#x648; &#x646;&#x6A9;&#x631; /</subfield>
    <subfield code="c">&#x627;&#x633;&#x644;&#x645; &#x645;&#x631;&#x632;&#x627;</subfield>
  </datafield>
  <datafield tag="246" ind1=" " ind2=" ">
    <subfield code="a">Three prominent marathi poets (kusumagaraj, vinda karandikar, mangesh padgaonkar) /</subfield>
    <subfield code="b">by Aslam Mirza</subfield>
  </datafield>
  <datafield tag="260" ind1=" " ind2=" ">
    <subfield code="a">Aurangabad</subfield>
    <subfield code="b">Mirza Abdul Qaum Nadvi</subfield>
    <subfield code="c">2022 &#x621;</subfield>
  </datafield>
  <datafield tag="270" ind1=" " ind2=" ">
    <subfield code="a">Mirza world book house, Dargah Hz., Nizamuddin Auliya, Qaiser Colny</subfield>
    <subfield code="b">Aurangabad</subfield>
    <subfield code="e">431001</subfield>
  </datafield>
  <datafield tag="300" ind1=" " ind2=" ">
    <subfield code="a">197 &#x635;</subfield>
    <subfield code="c">21cm(pbk)</subfield>
  </datafield>
  <datafield tag="942" ind1=" " ind2=" ">
    <subfield code="2">ddc</subfield>
    <subfield code="c">UR</subfield>
    <subfield code="h">921</subfield>
    <subfield code="m">&#x627; &#x633; &#x644;</subfield>
  </datafield>
  <datafield tag="952" ind1=" " ind2=" ">
    <subfield code="0">0</subfield>
    <subfield code="1">0</subfield>
    <subfield code="4">0</subfield>
    <subfield code="7">0</subfield>
    <subfield code="8">NFIC</subfield>
    <subfield code="a">ZLS</subfield>
    <subfield code="b">ZLS</subfield>
    <subfield code="d">2023-04-18</subfield>
    <subfield code="e">DBAD/PUB</subfield>
    <subfield code="g">350.00</subfield>
    <subfield code="l">0</subfield>
    <subfield code="o">921 &#x627; &#x633; &#x644;</subfield>
    <subfield code="p">U-10497</subfield>
    <subfield code="r">2023-04-18 00:00:00</subfield>
    <subfield code="t">1</subfield>
    <subfield code="v">350.00</subfield>
    <subfield code="w">2023-04-18</subfield>
    <subfield code="y">UR</subfield>
  </datafield>
</record>
